| 000 | 00508nam a22001817a 4500 | ||
|---|---|---|---|
| 005 | 20140115162629.0 | ||
| 010 | _aENG-109091 | ||
| 020 |
_a9788174469533 _c195.00 |
||
| 035 | _aEN-92624 | ||
| 037 | _bDBAD/PUB | ||
| 082 | _a658 | ||
| 100 | _aNair, Vinith Kumar | ||
| 245 |
_aManagement case book / _cby Vinith Kumar Nair |
||
| 260 |
_aNew Delhi _bExcel Books _c2011 |
||
| 270 |
_aA- 45, Naraina, Phase 1 _bNew Delhi _e110028 |
||
| 300 |
_ax,96p. _c24cm(pbk) |
||
| 942 |
_2ddc _cEN _mNAI _h658 |
||
| 999 |
_c81867 _d81867 |
||